Elements of the periodic table which have a name that does not share any letters with its symbol - Statistics

General Stats
  • This quiz has been taken 529 times
    498 since last reset
  • The average score is 7 of 9
Answer Stats
Answer % Correct
Gold (Au)
82%
Silver (Ag)
80%
Lead (Pb)
79%
Potassium (K)
77%
Tungsten (W)
74%
Iron (Fe)
69%
Antimony (Sb)
67%
Mercury (Hg)
66%
Sodium (Na)
65%
No matching quizzes found
Score Distribution
Percent of People with Each Score
Percentile by Number Answered
Your Score History
You have not taken this quiz since the last reset